Black fauns /

Saved in:
Bibliographic Details
Main Author: Mendes, Alfred H. (Alfred Hubert), 1897-
Format: Book
Language:English
Published: London : Duckworth, 1935.
LEADER 00735nam a2200205 a 4500
001 c000097268
003 CARM
005 00000000000000.0
008 960105s1935 enk 00001 eng d
019 1 |a 12069680  |5 LACONCORD2021 
035 |a (OCoLC)1106074  |5 LACONCORD2021 
040 |a VLINC  |c VLINC 
100 1 |a Mendes, Alfred H.  |q (Alfred Hubert),  |d 1897- 
245 1 0 |a Black fauns /  |c by Alfred H. Mendes. 
260 |a London :  |b Duckworth,  |c 1935. 
300 |a 328 p. ;  |c 19 cm. 
852 8 |b CARM  |h A2:AN36G0  |i A00639  |p 0097714  |f BK 
082 0 4 |a 813.52  |2 20 
999 f f |i a0b69868-7cf2-554a-b9fe-97ebbc6d8da4  |s ca6b4f17-f8a1-5147-8600-af4a69986243 
952 f f |p Can circulate  |a CAVAL  |b CAVAL  |c CAVAL  |d CARM 1 Store  |e A00639  |f A2:AN36G0  |h Other scheme  |i book  |m 0097714